[Event "37th ECC Women 2022"]
[Site "Mayrhofen AUT"]
[Date "2022.10.05"]
[Round "3.3"]
[Board "2"]
[White "Unuk, Laura"]
[Black "Kiolbasa, Oliwia"]
[Result "1/2-1/2"]
[WhiteTitle "IM"]
[BlackTitle "WIM"]
[WhiteElo "2297"]
[BlackElo "2404"]
[WhiteTeam "TAJFUN - SK Ljubljana"]
[BlackTeam "BGK KS Gwiazda Bydgoszcz"]
[WhiteFideId "14609215"]
[BlackFideId "1154613"]
[EventDate "2022.10.03"]

1. d4 Nf6 2. c4 e6 3. Nf3 d5 4. Nc3 dxc4 5. e4 Bb4 6. Bxc4 Nxe4 7. O-O Nf6 8.
Qa4+ Nc6 9. Ne5 Rb8 10. d5 Nxd5 11. Nxc6 bxc6 12. Nxd5 exd5 13. Qxc6+ Qd7 14.
Qxd5 Qxd5 15. Bxd5 Bb7 16. Bxb7 Rxb7 17. Be3 Bd6 18. b3 Kd7 19. Rfd1 Re8 20. Rd5
Re5 21. Rxe5 Bxe5 22. Rd1+ Ke6 23. Re1 Kd5 24. Rd1+ Ke6 25. Rc1 Bd6 26. Rc4 a5
27. Re4+ Kd7 28. Kf1 Rb4 29. Rd4 Ke6 30. Ke2 Be5 1/2-1/2

[Event "37th ECC Women 2022"]
[Site "Mayrhofen AUT"]
[Date "2022.10.05"]
[Round "3.3"]
[Board "3"]
[White "Antolak, Julia"]
[Black "Urh, Zala"]
[Result "1/2-1/2"]
[WhiteTitle "WGM"]
[BlackTitle "WIM"]
[WhiteElo "2315"]
[BlackElo "2221"]
[WhiteTeam "BGK KS Gwiazda Bydgoszcz"]
[BlackTeam "TAJFUN - SK Ljubljana"]
[WhiteFideId "1159569"]
[BlackFideId "14611481"]
[EventDate "2022.10.03"]

1. e4 e5 2. Nf3 Nc6 3. Bb5 a6 4. Ba4 Nf6 5. O-O Be7 6. Re1 b5 7. Bb3 O-O 8. c3
d5 9. d4 exd4 10. e5 Ne4 11. cxd4 Bf5 12. Nc3 Nxc3 13. bxc3 Na5 14. Bc2 Bxc2 15.
Qxc2 Nc4 16. Bf4 Rc8 17. Nd2 Nxd2 18. Qxd2 c5 19. dxc5 Bxc5 20. Rad1 Qb6 21. Be3
Rfd8 22. h3 h6 23. Bxc5 Rxc5 24. Re3 Qc6 25. Rd3 Rc8 26. Qf4 Qe6 27. Qe3 Qc6 28.
Qf4 Qe6 29. Qe3 Qc6 30. Qf4 Rb8 1/2-1/2

[Event "37th ECC Women 2022"]
[Site "Mayrhofen AUT"]
[Date "2022.10.05"]
[Round "3.3"]
[Board "4"]
[White "Kejzar, Petra"]
[Black "Majdan, Joanna"]
[Result "0-1"]
[WhiteTitle "WFM"]
[BlackTitle "WGM"]
[WhiteElo "2120"]
[BlackElo "2301"]
[WhiteTeam "TAJFUN - SK Ljubljana"]
[BlackTeam "BGK KS Gwiazda Bydgoszcz"]
[WhiteFideId "14610213"]
[BlackFideId "1121979"]
[EventDate "2022.10.03"]

1. c4 e5 2. Nc3 Nf6 3. g3 Bb4 4. Bg2 O-O 5. d3 Bxc3+ 6. bxc3 Re8 7. e4 d6 8. Ne2
Nbd7 9. h3 Nc5 10. g4 Bd7 11. Ng3 Ba4 12. Qf3 Bc2 13. Bf1 c6 14. Ba3 Qa5 15. Bb4
Qa6 16. Rc1 Ba4 17. Nf5 Red8 18. Nh6+ gxh6 19. Qxf6 Ne6 20. g5 h5 21. Ra1 c5 22.
Ba3 Qa5 23. Bb2 b5 24. Be2 Nf4 25. cxb5 Bxb5 26. g6 hxg6 27. Rg1 Bxd3 28. Bxd3
Nxd3+ 29. Kf1 Nf4 0-1

[Event "37th ECC Women 2022"]
[Site "Mayrhofen AUT"]
[Date "2022.10.05"]
[Round "3.4"]
[Board "1"]
[White "Krasteva, Beloslava"]
[Black "Salimova, Nurgyul"]
[Result "1-0"]
[WhiteTitle "FM"]
[BlackTitle "IM"]
[WhiteElo "2287"]
[BlackElo "2415"]
[WhiteTeam "Gambit Asseco See"]
[BlackTeam "SK Erste Bank Baden"]
[WhiteFideId "2922029"]
[BlackFideId "2915138"]
[EventDate "2022.10.03"]

1. d4 Nf6 2. c4 e6 3. Nc3 Bb4 4. e3 O-O 5. Bd3 d5 6. cxd5 exd5 7. Ne2 Re8 8. O-O
Bd6 9. Bd2 a6 10. Qc2 b5 11. Nf4 Bb7 12. a3 Nbd7 13. Nce2 c5 14. dxc5 Nxc5 15.
Bb4 Rc8 16. Bf5 Ne6 17. Qd2 Rc4 18. Bxd6 Qxd6 19. Rfd1 Nxf4 20. Nxf4 d4 21. Bd3
Rc5 22. Bf1 g5 23. Qxd4 Qxd4 24. exd4 Rc2 25. Nd3 Be4 26. Nb4 Rxb2 27. Nxa6 Nd5
28. Re1 f6 29. a4 bxa4 30. Bc4 Rc8 31. Nc5 Rc2 32. Ba2 f5 33. Nxe4 Rxa2 34. Rxa2
fxe4 35. Rxa4 Nf4 36. g3 Nh3+ 37. Kg2 g4 38. Rxe4 h5 39. Re7 Rf8 40. Ra2 Rc8 41.
d5 Kf8 42. Rb7 Rd8 43. d6 Ng5 44. d7 1-0

[Event "37th ECC Women 2022"]
[Site "Mayrhofen AUT"]
[Date "2022.10.05"]
[Round "3.4"]
[Board "2"]
[White "Roebers, Eline"]
[Black "Radeva, Viktoria"]
[Result "1-0"]
[BlackTitle "WGM"]
[WhiteElo "2352"]
[BlackElo "2263"]
[WhiteTeam "SK Erste Bank Baden"]
[BlackTeam "Gambit Asseco See"]
[WhiteFideId "1058401"]
[BlackFideId "2915405"]
[EventDate "2022.10.03"]

1. e4 e6 2. d4 d5 3. e5 c5 4. c3 Qb6 5. Nf3 Bd7 6. Be2 Bb5 7. dxc5 Bxc5 8. b4
Bxe2 9. Qxe2 Be7 10. a4 a5 11. b5 Nd7 12. O-O Rc8 13. Bb2 Bc5 14. Nbd2 Ne7 15.
c4 O-O 16. Rac1 Rfe8 17. Nb3 dxc4 18. Rxc4 Bb4 19. Rg4 Nc5 20. Nbd2 Nxa4 21. Ne4
Ng6 22. Bd4 Qc7 23. h4 h5 24. Rg3 Qc2 25. Qe3 Nb2 26. Nfg5 Nxh4 27. Nf6+ gxf6
28. Ne4+ Ng6 29. exf6 Bf8 30. Rxg6+ fxg6 31. f7+ Kxf7 32. Ng5+ Kg8 33. Qe5 1-0

[Event "37th ECC Women 2022"]
[Site "Mayrhofen AUT"]
[Date "2022.10.05"]
[Round "3.4"]
[Board "3"]
[White "Drljevic, Ljilja"]
[Black "Wagner, Dinara"]
[Result "0-1"]
[WhiteTitle "WIM"]
[BlackTitle "WGM"]
[WhiteElo "2172"]
[BlackElo "2390"]
[WhiteTeam "Gambit Asseco See"]
[BlackTeam "SK Erste Bank Baden"]
[WhiteFideId "928879"]
[BlackFideId "24157570"]
[EventDate "2022.10.03"]

1. e4 c5 2. d3 Nc6 3. g3 Nf6 4. Bg2 d5 5. Nd2 g6 6. Ne2 Bg7 7. O-O O-O 8. h3 e5
9. exd5 Nxd5 10. Nc3 Nde7 11. Nc4 Be6 12. Re1 Qd7 13. Ne4 b6 14. Ng5 Bd5 15. Nf3
f6 16. Be3 Rad8 17. Qe2 Nf5 18. a4 Rfe8 19. Qf1 Nb4 20. Na3 Qxa4 21. c4 Bf7 22.
Nb5 Qc2 23. Ra3 Rxd3 24. Rc1 Nxe3 25. fxe3 Qxb2 26. Rb1 Qxa3 27. Nxa3 Rxa3 28.
Nd2 f5 29. e4 Bh6 30. Nb3 f4 31. Qc1 Ra2 32. Ra1 Rxg2+ 0-1

[Event "37th ECC Women 2022"]
[Site "Mayrhofen AUT"]
[Date "2022.10.05"]
[Round "3.4"]
[Board "4"]
[White "Trippold, Denise"]
[Black "Djukic, Sandra"]
[Result "1/2-1/2"]
[WhiteTitle "WFM"]
[BlackTitle "WIM"]
[WhiteElo "2146"]
[BlackElo "2138"]
[WhiteTeam "SK Erste Bank Baden"]
[BlackTeam "Gambit Asseco See"]
[WhiteFideId "1625594"]
[BlackFideId "931390"]
[EventDate "2022.10.03"]

1. Nf3 Nf6 2. c4 e6 3. d4 d5 4. e3 dxc4 5. Bxc4 a6 6. O-O c5 7. Qe2 Nc6 8. Rd1
Qc7 9. a3 b5 10. Ba2 Bb7 11. Nc3 Be7 12. dxc5 Bxc5 13. b4 Bd6 14. Bb2 Rd8 15.
Rac1 Qb8 16. Bb1 Ne7 17. h3 O-O 18. Ng5 Ng6 19. Nce4 Nxe4 20. Nxe4 Bh2+ 21. Kh1
Be5 22. Nc5 Bd5 23. Be4 Bxe4 24. Nxe4 Bxb2 25. Qxb2 Ne5 26. Qc3 Rc8 27. Nc5 h6
28. Qb3 Rfd8 29. Rxd8+ Rxd8 30. Rd1 Nc4 31. Nxa6 Rxd1+ 32. Qxd1 Qa8 33. Nc7 Qxa3
34. Nxb5 Qxb4 35. Qd8+ Kh7 36. Qd3+ 1/2-1/2

[Event "37th ECC Women 2022"]
[Site "Mayrhofen AUT"]
[Date "2022.10.05"]
[Round "3.5"]
[Board "1"]
[White "Sukandar, Irine Kharisma"]
[Black "Enkhtuul, Altan-Ulzii"]
[Result "1-0"]
[WhiteTitle "IM"]
[BlackTitle "WGM"]
[WhiteElo "2401"]
[BlackElo "2295"]
[WhiteTeam "Wood Green"]
[BlackTeam "Philidor Mulhouse"]
[WhiteFideId "7101937"]
[BlackFideId "4901444"]
[EventDate "2022.10.03"]

1. d4 c5 2. d5 Nf6 3. c4 e6 4. Nc3 exd5 5. cxd5 d6 6. e4 g6 7. Nf3 Bg7 8. Be2
O-O 9. O-O Bg4 10. Nd2 Bxe2 11. Qxe2 Re8 12. f3 a6 13. a4 Nbd7 14. Nc4 Nb6 15.
Ne3 Nh5 16. g3 Bd4 17. Kh1 Qd7 18. a5 Nc8 19. Bd2 Rb8 20. Rae1 b5 21. Ncd1 b4
22. Nc4 f5 23. Qg2 Ng7 24. Nf2 Na7 25. Nd3 Nb5 26. g4 fxe4 27. fxe4 Rf8 28. Bf4
Rbd8 29. h3 Qb7 30. Bg3 Qe7 31. e5 Rxf1+ 32. Rxf1 dxe5 33. Bxe5 Bxe5 34. Ndxe5
Rf8 35. Rxf8+ Qxf8 36. d6 Ne6 37. d7 Qf4 38. Qf3 Qc1+ 39. Kh2 Qc2+ 40. Kg3 Nd8
41. Qf6 Qc1 42. Qxd8+ Kg7 43. Qe7+ Kh6 44. Qf8+ 1-0

[Event "37th ECC Women 2022"]
[Site "Mayrhofen AUT"]
[Date "2022.10.05"]
[Round "3.5"]
[Board "2"]
[White "Klek, Hanna Marie"]
[Black "Houska, Jovanka"]
[Result "1/2-1/2"]
[WhiteTitle "WGM"]
[BlackTitle "IM"]
[WhiteElo "2301"]
[BlackElo "2354"]
[WhiteTeam "Philidor Mulhouse"]
[BlackTeam "Wood Green"]
[WhiteFideId "24670057"]
[BlackFideId "405094"]
[EventDate "2022.10.03"]

1. e4 c6 2. d4 d5 3. e5 Bf5 4. h4 h5 5. c4 e6 6. Nc3 dxc4 7. Bxc4 Nd7 8. Nge2
Be7 9. g3 b5 10. Bb3 b4 11. Nb1 c5 12. Ba4 Kf8 13. O-O Rc8 14. Be3 Nh6 15. Nd2
Ng4 16. Nf3 Nb6 17. Bb3 Nxe3 18. fxe3 Nd5 19. Kf2 cxd4 20. exd4 g5 21. hxg5 Bxg5
22. Nxg5 Qxg5 23. Bxd5 exd5 24. Rc1 Kg7 25. Qb3 Be4 26. Qe3 Qg6 27. Nf4 Qf5 28.
Rxc8 Rxc8 29. Rc1 Rxc1 30. Qxc1 Qg4 1/2-1/2

[Event "37th ECC Women 2022"]
[Site "Mayrhofen AUT"]
[Date "2022.10.05"]
[Round "3.5"]
[Board "3"]
[White "Arakhamia-Grant, Ketevan"]
[Black "Navrotescu, Andreea"]
[Result "1-0"]
[WhiteTitle "GM"]
[BlackTitle "WGM"]
[WhiteElo "2333"]
[BlackElo "2287"]
[WhiteTeam "Wood Green"]
[BlackTeam "Philidor Mulhouse"]
[WhiteFideId "13600168"]
[BlackFideId "675946"]
[EventDate "2022.10.03"]

1. e4 e6 2. d4 d5 3. Nc3 Nf6 4. e5 Nfd7 5. f4 c5 6. Nf3 Nc6 7. Be3 Be7 8. Qd2
O-O 9. dxc5 Qa5 10. Be2 Nxc5 11. O-O Rd8 12. Nd4 Nxd4 13. Bxd4 Bd7 14. Rad1 Qc7
15. f5 Bf8 16. f6 g6 17. Qe3 Ne4 18. Nxe4 dxe4 19. c3 Bc6 20. Qh3 Rd5 21. Rf4
Rxe5 22. Rh4 h5 23. Qg3 Bd6 24. Bxe5 Bxe5 25. Qg5 Bd5 26. Rf1 Qb6+ 27. Kh1 Qxb2
28. Rxh5 Bxf6 29. Qxf6 gxh5 30. Qxf7+ Kh8 31. Qf6+ Kh7 32. Qf7+ Kh8 33. Qxh5+
Kg8 34. Qg6+ Kh8 35. Qh5+ Kg8 36. Qg4+ Kh8 37. Qh4+ Kg8 38. Qg3+ Kh8 39. Qe5+
Kg8 40. Qg3+ Kh8 41. Rf4 1-0

[Event "37th ECC Women 2022"]
[Site "Mayrhofen AUT"]
[Date "2022.10.05"]
[Round "3.5"]
[Board "4"]
[White "Thomas, Apolline"]
[Black "Toma, Katarzyna"]
[Result "1/2-1/2"]
[BlackTitle "WGM"]
[WhiteElo "1942"]
[BlackElo "2249"]
[WhiteTeam "Philidor Mulhouse"]
[BlackTeam "Wood Green"]
[WhiteFideId "670480"]
[BlackFideId "1119907"]
[EventDate "2022.10.03"]

1. e4 c5 2. Nc3 Nc6 3. Bb5 Nd4 4. Bc4 a6 5. a4 e6 6. Nge2 Nf6 7. O-O Nxe4 8.
Nxe4 d5 9. d3 dxc4 10. dxc4 Be7 11. Be3 e5 12. f3 O-O 13. N2c3 Be6 14. Nd5 Bxd5
15. cxd5 Qxd5 16. c3 Qb3 17. Bxd4 Qxd1 18. Raxd1 cxd4 19. cxd4 f5 20. Nf2 exd4
21. Rxd4 Rad8 22. Rxd8 Rxd8 23. Rd1 Kf7 24. Rxd8 Bxd8 25. Kf1 Ke6 26. Ke2 Kd5
27. Kd3 Bc7 28. g3 h6 29. Nd1 Bb6 30. Nc3+ Kc5 31. b3 g6 32. g4 Bd8 33. Ne2 fxg4
34. fxg4 Bc7 35. h3 Kd5 36. Nd4 Ke5 37. Ne2 Bb6 38. b4 Bf2 39. b5 axb5 40. axb5
b6 41. Nc3 Kf4 42. Nd5+ Kg3 43. Ke4 Bc5 44. Nf4 g5 45. Ne6 Bg1 46. Kf5 Kxh3 47.
Nd8 Bc5 48. Nf7 Bf8 49. Ne5 Bg7 50. Nf7 Kg3 51. Kg6 Bf8 52. Ne5 Bd6 53. Nf7 Bf8
54. Ne5 Bb4 55. Kxh6 Bc3 56. Nd7 Kxg4 57. Nxb6 Kh4 58. Nd5 Bd4 59. b6 g4 60. b7
Ba7 61. Ne7 Kh3 62. Nf5 g3 1/2-1/2

[Event "37th ECC Women 2022"]
[Site "Mayrhofen AUT"]
[Date "2022.10.05"]
[Round "3.6"]
[Board "1"]
[White "Mayrhuber, Nikola"]
[Black "Eric, Jovana"]
[Result "1-0"]
[WhiteTitle "WFM"]
[BlackTitle "WGM"]
[WhiteElo "2117"]
[BlackElo "2252"]
[WhiteTeam "SK Zell/Zillertal"]
[BlackTeam "Sirmium"]
[WhiteFideId "1637819"]
[BlackFideId "938238"]
[EventDate "2022.10.03"]

1. c4 e5 2. Nc3 Bb4 3. Qc2 Nf6 4. e3 O-O 5. a3 Bxc3 6. Qxc3 Nc6 7. Nf3 Re8 8. d3
d6 9. Be2 a5 10. b3 e4 11. Nd2 exd3 12. Bxd3 Ne5 13. Bb2 Bg4 14. O-O Qd7 15. f3
Bf5 16. e4 Bg6 17. Rae1 Qc6 18. Bb1 Qb6+ 19. Kh1 Re7 20. f4 Neg4 21. Qg3 h5 22.
h3 Rae8 23. hxg4 Nxg4 24. f5 Bh7 25. Rf4 f6 26. Qh4 Ne3 27. Qxh5 Nxf5 28. Rxf5
Bxf5 29. Qxf5 c6 30. e5 dxe5 31. Qh7+ Kf8 32. Bg6 1-0

[Event "37th ECC Women 2022"]
[Site "Mayrhofen AUT"]
[Date "2022.10.05"]
[Round "3.6"]
[Board "2"]
[White "Blagojevic, Tijana"]
[Black "Schnegg, Anna-Lena"]
[Result "1/2-1/2"]
[WhiteTitle "WIM"]
[BlackTitle "WFM"]
[WhiteElo "2266"]
[BlackElo "2154"]
[WhiteTeam "Sirmium"]
[BlackTeam "SK Zell/Zillertal"]
[WhiteFideId "16500270"]
[BlackFideId "1625268"]
[EventDate "2022.10.03"]

1. e4 e5 2. Nc3 Nf6 3. d4 exd4 4. Qxd4 Nc6 5. Qd3 d6 6. Bf4 Be6 7. O-O-O Qd7 8.
Qd2 a6 9. f3 Be7 10. Nge2 O-O-O 11. Nd5 Kb8 12. Be3 Ne5 13. Nef4 Bxd5 14. Nxd5
Nxd5 15. exd5 Qa4 16. Kb1 Bf6 17. Qd4 Qxd4 18. Bxd4 Rhe8 19. c3 Rd7 20. Kc2 Rde7
21. a4 Nd7 22. Bf2 Nc5 23. a5 Bg5 24. Bd4 f5 25. b4 Nd7 26. b5 Be3 27. bxa6 Bxd4
28. cxd4 b6 29. axb6 Nxb6 30. Bb5 Nxd5 31. Bxe8 Ne3+ 32. Kd2 Nxd1 33. Rxd1 Rxe8
34. Rb1+ Ka7 35. Rb7+ Kxa6 36. Rxc7 Rg8 37. Rc6+ Kb5 38. Rxd6 Ra8 39. Rd5+ Kc4
40. Rxf5 Kxd4 41. Rf4+ Ke5 42. Re4+ Kf5 43. Re2 Ra3 44. Ke1 g5 45. Rb2 h5 46.
Kf2 h4 47. Rb5+ Kg6 48. Rb6+ Kf5 49. g4+ hxg3+ 50. Kxg3 Ra4 51. Rb5+ Kf6 52. Rb8
Kf5 53. Re8 Rb4 54. Re4 Rb2 55. Ra4 Rb3 56. h4 gxh4+ 57. Rxh4 Kg5 1/2-1/2

[Event "37th ECC Women 2022"]
[Site "Mayrhofen AUT"]
[Date "2022.10.05"]
[Round "3.6"]
[Board "3"]
[White "Konecny, Sophie"]
[Black "Gajcin, Marina"]
[Result "0-1"]
[BlackTitle "WIM"]
[WhiteElo "1848"]
[BlackElo "2228"]
[WhiteTeam "SK Zell/Zillertal"]
[BlackTeam "Sirmium"]
[WhiteFideId "1639579"]
[BlackFideId "949086"]
[EventDate "2022.10.03"]

1. d4 Nf6 2. c4 g6 3. Nc3 d5 4. Nf3 Bg7 5. Qb3 dxc4 6. Qxc4 O-O 7. e4 Nc6 8. Be2
Bg4 9. Be3 Bxf3 10. gxf3 e5 11. d5 Nd4 12. Bxd4 exd4 13. Nb5 c6 14. dxc6 bxc6
15. Qxc6 d3 16. Bd1 Rc8 17. Qd6 Qa5+ 0-1

[Event "37th ECC Women 2022"]
[Site "Mayrhofen AUT"]
[Date "2022.10.05"]
[Round "3.6"]
[Board "4"]
[White "Zarkovic, Mila"]
[Black "Wu, Min"]
[Result "1-0"]
[WhiteTitle "WIM"]
[WhiteElo "2219"]
[BlackElo "1934"]
[WhiteTeam "Sirmium"]
[BlackTeam "SK Zell/Zillertal"]
[WhiteFideId "900451"]
[BlackFideId "1631969"]
[EventDate "2022.10.03"]

1. e4 e5 2. Nf3 Nc6 3. Bb5 a6 4. Ba4 Nf6 5. O-O Be7 6. Re1 b5 7. Bb3 O-O 8. a4
d5 9. axb5 dxe4 10. bxc6 exf3 11. Qxf3 e4 12. Qe3 Ng4 13. Qxe4 Bc5 14. d4 Bxd4
15. Re2 Be3 16. Nd2 Qd6 17. Nf1 Qd1 18. Rxe3 Nxe3 19. Qxe3 Bg4 20. c4 Qd8 21.
Qg5 Qb8 22. Ra3 Be2 23. Be3 Qb4 24. Bd2 Qd6 25. Bc3 f6 26. c5+ Kh8 27. cxd6 fxg5
28. d7 Rf5 29. Ng3 1-0

[Event "37th ECC Women 2022"]
[Site "Mayrhofen AUT"]
[Date "2022.10.05"]
[Round "3.7"]
[Board "1"]
[White "Rakhmangulova, Anastasiya"]
[Black "Buksa, Nataliya"]
[Result "1-0"]
[WhiteTitle "WIM"]
[BlackTitle "IM"]
[WhiteElo "2261"]
[BlackElo "2413"]
[WhiteTeam "Haifa-Nesher"]
[BlackTeam "Blue & Yellow"]
[WhiteFideId "14117479"]
[BlackFideId "14123622"]
[EventDate "2022.10.03"]

1. e4 c5 2. Nf3 Nc6 3. d4 cxd4 4. Nxd4 Nf6 5. Nc3 e5 6. Ndb5 d6 7. Nd5 Nxd5 8.
exd5 Nb8 9. a4 Be7 10. Be2 O-O 11. O-O Nd7 12. Bd2 a6 13. Na3 a5 14. Nb5 Nc5 15.
Kh1 Bd7 16. f4 exf4 17. Bxf4 Bxb5 18. Bxb5 Bg5 19. Qg4 Bxf4 20. Qxf4 f5 21. Rae1
Qf6 22. c3 Rad8 23. g4 g6 24. gxf5 gxf5 25. b4 axb4 26. cxb4 Nd7 27. Re6 Qf7 28.
Rg1+ Kh8 29. Bxd7 1-0

[Event "37th ECC Women 2022"]
[Site "Mayrhofen AUT"]
[Date "2022.10.05"]
[Round "3.7"]
[Board "2"]
[White "Gaponenko, Inna"]
[Black "Belenkaya, Dina"]
[Result "1/2-1/2"]
[WhiteTitle "IM"]
[BlackTitle "WGM"]
[WhiteElo "2348"]
[BlackElo "2263"]
[WhiteTeam "Blue & Yellow"]
[BlackTeam "Haifa-Nesher"]
[WhiteFideId "14101181"]
[BlackFideId "24142654"]
[EventDate "2022.10.03"]

1. e4 c6 2. d4 d5 3. e5 Qb6 4. c3 Bf5 5. Nd2 e6 6. g4 Bg6 7. Nh3 c5 8. Nb3 cxd4
9. cxd4 Bb4+ 10. Bd2 Nc6 11. Bc3 a5 12. a4 h5 13. Bb5 hxg4 14. Qxg4 Nh6 15. Qd1
Be4 16. f3 Bh7 17. Bxb4 axb4 18. Qd2 Kf8 19. Rc1 Nf5 20. Bxc6 bxc6 21. a5 Qb5
22. Nf4 Nh4 23. Kf2 Bf5 24. Rc5 Qa4 25. Qe3 Qa2 26. Rxc6 Qxb2+ 27. Ne2 Nxf3 28.
Qc1 Qxc1 29. Rhxc1 Rxh2+ 30. Kxf3 Be4+ 31. Kg4 Rxe2 32. Rc8+ Rxc8 33. Rxc8+ Ke7
34. Rc7+ Kd8 35. Rxf7 Rg2+ 36. Kh3 Ra2 37. Nc5 b3 38. Nb7+ Kc8 39. Nd6+ Kd8 40.
Nb7+ Kc8 41. Nd6+ Kb8 42. Rb7+ Ka8 43. Rxb3 Rxa5 44. Kg3 Ra4 45. Nxe4 dxe4 46.
Kf4 Rxd4 47. Rb6 g5+ 48. Ke3 Ra4 49. Rxe6 Kb7 50. Rg6 Kc7 51. Rxg5 Kd7 52. Rg6
Ke7 53. Rb6 Ra1 54. Kxe4 Re1+ 55. Kd5 Rd1+ 56. Ke4 Re1+ 57. Kd5 Rd1+ 1/2-1/2

[Event "37th ECC Women 2022"]
[Site "Mayrhofen AUT"]
[Date "2022.10.05"]
[Round "3.7"]
[Board "3"]
[White "Levitan, Ronit"]
[Black "Doluhanova, Evgeniya"]
[Result "0-1"]
[WhiteTitle "WFM"]
[BlackTitle "WGM"]
[WhiteElo "2024"]
[BlackElo "2264"]
[WhiteTeam "Haifa-Nesher"]
[BlackTeam "Blue & Yellow"]
[WhiteFideId "2815109"]
[BlackFideId "14112035"]
[EventDate "2022.10.03"]

1. e4 e5 2. Nf3 Nc6 3. Bc4 Bc5 4. c3 Nf6 5. d3 O-O 6. O-O a6 7. Nbd2 d6 8. Bb3
Ba7 9. h3 Ne7 10. Re1 Ng6 11. Nf1 Be6 12. Bxe6 fxe6 13. Ng3 Nf4 14. d4 Nd7 15.
Be3 exd4 16. Bxd4 Nc5 17. Bxc5 Bxc5 18. Nd4 Qf6 19. Qd2 Qg5 20. Kh2 Nxh3 21.
Qxg5 Nxg5 22. Kg1 e5 23. Ndf5 g6 24. Ne3 h5 25. f3 h4 26. Nf1 h3 27. Nd2 Rf7 28.
Re2 Raf8 29. Rf1 hxg2 30. Kxg2 Ne6 31. Kg3 Nf4 32. Ree1 Rh7 33. b4 Rh3+ 34. Kg4
Bxe3 35. Rxe3 Rh2 0-1

[Event "37th ECC Women 2022"]
[Site "Mayrhofen AUT"]
[Date "2022.10.05"]
[Round "3.7"]
[Board "4"]
[White "Tarleva, Diana"]
[Black "Orian, Noga"]
[Result "1/2-1/2"]
[WhiteTitle "WGM"]
[WhiteElo "2175"]
[BlackElo "1940"]
[WhiteTeam "Blue & Yellow"]
[BlackTeam "Haifa-Nesher"]
[WhiteFideId "14107244"]
[BlackFideId "2836475"]
[EventDate "2022.10.03"]

1. e4 c5 2. Nf3 d6 3. d4 cxd4 4. Nxd4 Nf6 5. Nc3 a6 6. h3 e6 7. g4 Nfd7 8. Bg2
Be7 9. Be3 Nc6 10. Qe2 Nxd4 11. Bxd4 O-O 12. a4 Ne5 13. O-O Nc6 14. Be3 Bd7 15.
f4 Rc8 16. Qf2 Bh4 17. Qd2 Na5 18. Qxd6 Nc4 19. Qd4 Be7 20. Bf2 Nxb2 21. Nd1 Nc4
22. e5 Bc6 23. Re1 Bxg2 24. Kxg2 Qc7 25. Re2 Qc6+ 26. Qe4 Rfd8 27. Qxc6 Rxc6 28.
Ne3 Na3 29. Ra2 Kf8 30. Rb2 Rd7 31. Kf3 Ke8 32. Be1 Bc5 33. Rb3 Kd8 34. Bb4 Bxe3
35. Bxa3 Bc5 36. Bb2 Kc7 37. Rd3 Bb4 38. Re4 Ba5 39. Rxd7+ Kxd7 40. c4 Rb6 41.
Ba3 Rb1 42. Re3 Bb4 43. Ke4 Kc6 44. f5 Kc5 45. fxe6 fxe6 46. Bxb4+ Rxb4 47. Rf3
Rxc4+ 48. Kd3 Rd4+ 49. Kc3 Rd7 50. Rf4 b5 51. axb5 axb5 52. h4 b4+ 53. Kc2 Kd5
54. Rxb4 Kxe5 55. Kc3 g6 56. Ra4 h6 57. Rb4 Rd1 58. Rb8 Rh1 59. h5 gxh5 60. gxh5
Kf5 61. Rf8+ Ke5 62. Kd3 Rxh5 63. Rf3 Rh2 64. Ke3 h5 65. Rg3 Rh4 66. Rg5+ Kf6
67. Ra5 e5 68. Ra8 Rg4 69. Rf8+ Ke6 70. Re8+ Kd6 71. Rd8+ Ke7 72. Rh8 h4 73. Rh6
Kf7 74. Kf3 Rb4 75. Kg2 Kg7 76. Re6 Rb5 77. Kh3 Kf7 78. Rh6 Rb4 79. Ra6 Rf4 80.
Rh6 Ke7 81. Ra6 e4 82. Kg2 e3 83. Ra2 Ke6 84. Re2 Rg4+ 85. Kf3 Rg3+ 86. Kf4 Kf6
87. Rxe3 Rxe3 88. Kxe3 Kg5 89. Kf3 Kf5 90. Kg2 Kg4 91. Kh2 h3 1/2-1/2

[Event "37th ECC Women 2022"]
[Site "Mayrhofen AUT"]
[Date "2022.10.05"]
[Round "3.8"]
[Board "1"]
[White "Katkov, Michelle"]
[Black "Peglau, Charis"]
[Result "1-0"]
[WhiteTitle "WFM"]
[WhiteElo "2219"]
[BlackElo "1960"]
[WhiteTeam "Rishon Lezion Chess Club"]
[BlackTeam "Schachzentrum Seeblick e.V."]
[WhiteFideId "2816393"]
[BlackFideId "16219996"]
[EventDate "2022.10.03"]

1. e4 c6 2. Nf3 d5 3. d3 Bg4 4. h3 Bxf3 5. Qxf3 e6 6. g3 Bd6 7. Bg2 Nd7 8. O-O
Ne7 9. Qe2 Qc7 10. Nd2 O-O-O 11. d4 e5 12. c4 dxc4 13. dxe5 Nxe5 14. Nxc4 Nxc4
15. Qxc4 f5 16. Be3 Kb8 17. Qa4 c5 18. b4 fxe4 19. bxc5 Be5 20. Qxe4 Nd5 21.
Rab1 Rhe8 22. Bg5 Rd7 23. Qc4 Qc6 24. Rfd1 Qg6 25. Bxd5 Qxg5 26. Qb3 Red8 27. c6
Rc7 28. Bg2 Bd4 29. Qf3 b6 30. a4 Qe7 31. Qf4 g5 32. Qd2 Qe5 33. Kh1 Qe7 34. a5
Kc8 35. axb6 Bxb6 36. Qc2 Rf8 37. Rf1 h6 38. Qa2 Qc5 39. Qe6+ Kb8 40. Qxh6 Qc2
41. Qxf8+ 1-0

[Event "37th ECC Women 2022"]
[Site "Mayrhofen AUT"]
[Date "2022.10.05"]
[Round "3.8"]
[Board "2"]
[White "Peglau, Dora"]
[Black "Federovski, Adi"]
[Result "1-0"]
[WhiteElo "1745"]
[BlackElo "1967"]
[WhiteTeam "Schachzentrum Seeblick e.V."]
[BlackTeam "Rishon Lezion Chess Club"]
[WhiteFideId "16220005"]
[BlackFideId "2813777"]
[EventDate "2022.10.03"]

1. d4 Nf6 2. Nf3 g6 3. Nbd2 d5 4. b4 Bg7 5. Bb2 a5 6. b5 a4 7. a3 O-O 8. e3 c6
9. c4 dxc4 10. Bxc4 cxb5 11. Bxb5 Qb6 12. Qe2 Ra5 13. Nc4 Qxb5 14. Nxa5 Qxa5+
15. Qd2 Qd5 16. O-O Nc6 17. Rac1 Ne4 18. Qe1 Na5 19. Qb4 Bd7 20. Ne5 Bxe5 21.
dxe5 Bc6 22. f3 Nd2 23. e4 Qd3 24. Qxa5 Nxf1 25. Rxf1 Rd8 26. Qc3 Qb5 27. Qc2
Rd3 28. Rf2 Bd7 29. Rd2 Qb6+ 30. Kh1 Re3 31. Qd1 Qc6 32. h4 Be6 33. Kh2 h5 34.
Rd8+ Kg7 35. Ra8 Qb6 36. Qxa4 Qc6 37. Qd4 Re2 38. Qd8 1-0